Changing land utilisation patterns in tea plantation sector in west Bengal: Some policy imperatives (Record no. 44573)

MARC details
000 -LEADER
fixed length control field 00421nam a2200121Ia 4500
082 ## - DEWEY DECIMAL CLASSIFICATION NUMBER
Classification number 338.43.01
Item number NRP.22
100 ## - MAIN ENTRY--AUTHOR NAME
Personal name RASAILY, R
245 #0 - TITLE STATEMENT
Title Changing land utilisation patterns in tea plantation sector in west Bengal: Some policy imperatives
260 ## - PUBLICATION, DISTRIBUTION, ETC. (IMPRINT)
Place of publication Thiruvanathapuram
Name of publisher Centre for Development Studies
Year of publication 2013
490 ## - SERIES STATEMENT
Series statement NRPPD Discussion paper No.22
942 ## - ADDED ENTRY ELEMENTS (KOHA)
Koha item type Books
Holdings
Withdrawn status Lost status Damaged status Not for loan Home library Current library Date acquired Source of acquisition Full call number Accession Number Koha item type
        RRII Library RRII Library 16/12/2021 Gift 338.43.01 NRP.22 G01318 Books